000 00552cam a2200193 4500
001 D2127
008 090401t1976 xxu||||| |||| 00| 0 eng d
035 _a(Sirsi) u67541
041 _aeng
050 _a333.33
110 _aC.A.L.U.S.
_91849
245 4 _aThe Property development process [papers presented at a series of four courses]
260 _aReading
_bCollege of Estate Management
_c1976
300 _a380p. 21cm
350 _a3.8
490 _aProperty Studies in the United Kingdom and Overseas
_v7
942 _n0
948 _c04/03/1997
999 _c95026
_d95026